Cartoon Character Blitz III Quiz Stats

 Plays Quiz Updated Sep 4, 2017

Challenge
Share
Tweet
Score 0/16 Timer 01:00
4 Plays Today
% Correct
Minnie Mouse
96%
Tweety Bird
96%
Donald Duck
95.8%
The Grinch
95.2%
Mighty Mouse
94.8%
Tom
94.4%
Jessica Rabbit
93.6%
Stimpy
88.4%
% Correct
Bullwinkle
88%
Daria
87.6%
Huckleberry Hound
85.2%
The Tick
85%
Helga Pataki
84.8%
Hong Kong Phooey
83.7%
Ben Tennyson
82%
Jonny Quest
80.7%

You're not logged in!

Compare scores with friends on all Sporcle quizzes.
Join for Free
OR
Log In

You Might Also Like...

Show Comments

Extras

Top Quizzes Today


Score Distribution

Your Account Isn't Verified!

In order to create a playlist on Sporcle, you need to verify the email address you used during registration. Go to your Sporcle Settings to finish the process.

Report this User

Report this user for behavior that violates our Community Guidelines.

Details: